Topografía
Gespeichert in:
| 1. Verfasser: | |
|---|---|
| Weitere Verfasser: | |
| Format: | Buch |
| Veröffentlicht: |
Bogotá, Pearson Educación de Colombia Ltda.
2001
|
| Tags: |
Tag hinzufügen
Keine Tags, Fügen Sie den ersten Tag hinzu!
|
MARC
| LEADER | 00000nam a2200000Ia 4500 | ||
|---|---|---|---|
| 003 | 000121 | ||
| 005 | 20221231144015.0 | ||
| 008 | 140114s2001 ck a 000 ||s d | ||
| 020 | |a 958-8060-12-5 | ||
| 040 | |c cru CEDI | ||
| 082 | |a 526.9 T693t4 | ||
| 100 | |c Torres Nieto, Alvaro |9 17426 | ||
| 245 | |a Topografía | ||
| 260 | |a Bogotá, Pearson Educación de Colombia Ltda. |c 2001 | ||
| 300 | |a 472 hojas; ilustraciones | ||
| 700 | |9 17425 |a Villalte Bonilla, Eduardo | ||
| 942 | |2 ddc |c BK | ||
| 999 | |c 15523 |d 15523 | ||



